Départements français dont l'altitude maximale dépasse les 3000m - Statistiques

Statistiques générales
  • Ce quiz a été pris 279 fois
    211 depuis la dernière actualisation
  • Le résultat moyen est 8 sur 10
Statistiques - réponses
Altitude Département % Correct
4809m Haute-Savoie
97%
3855m Savoie
97%
4088m Isère
92%
4102m Hautes-Alpes
90%
3300m Hautes-Pyrénées
85%
3410m Alpes-de-Haute-Provence
83%
3120m Alpes-Maritimes
76%
3140m Ariège
70%
3215m Haute-Garonne
64%
3070m La Réunion
22%
Aucun quiz correspondant
Distribution des résultats
% des personnes avec chaque résultat
Percentile par nombre de réponses
Votre historique - résultats
Vous n’avez pas pris ce quiz depuis la dernière actualisation